[Event "Budapest-chT1 Lilienthal 1314"]
[Site "Budapest"]
[Date "2014.01.19"]
[Round "6"]
[White "Ruck, Robert1111"]
[Black "Bognar, Bence"]
[Result "1/2-1/2"]
[WhiteElo "2062"]
[BlackElo "1994"]
[PlyCount "57"]
[EventDate "2013.09.29"]
[EventType "team-tourn"]
[EventRounds "11"]
[EventCountry "HUN"]
[SourceTitle "EXT 2021"]
[Source "ChessBase"]
[SourceDate "2020.10.23"]
[SourceVersion "1"]
[SourceVersionDate "2020.10.23"]
[SourceQuality "1"]
[WhiteTeam "Sarkany II"]
[BlackTeam "SENSE"]
[WhiteTeamCountry "HUN"]
[BlackTeamCountry "HUN"]

1. e4 e5 2. Nf3 Nc6 3. Bc4 Bc5 4. c3 Nf6 5. d4 exd4 6. e5 d5 7. Bb5 Ng8 8. cxd4 Bb6 9. Nc3 Nge7 10. Be3 0-0 11. h3 a6 12. Bd3 Nf5 13. Bc2 Nb4 14. Bb1 Nxe3 15. fxe3 c5 16. 0-0 Be6 17. Na4 cxd4 18. Nxb6 Qxb6 19. exd4 Rac8 20. Qb3 Qa5 21. Ng5 h6 22. Nf3 Rc4 23. a3 Nc6 24. Bd3 Nxd4 25. Qxb7 Bc8 26. Qa7 Nxf3+ 27. Rxf3 Rc7 28. Qd4 Qc5 29. Qxc5 1/2-1/2

[Event "Budapest-chT1 Lilienthal 1314"]
[Site "Budapest"]
[Date "2013.11.10"]
[Round "3"]
[White "Bodrogi, Mihaly"]
[Black "Bognar, Bence"]
[Result "1-0"]
[WhiteElo "2082"]
[BlackElo "1994"]
[PlyCount "59"]
[EventDate "2013.09.29"]
[EventType "team-tourn"]
[EventRounds "11"]
[EventCountry "HUN"]
[SourceTitle "EXT 2021"]
[Source "ChessBase"]
[SourceDate "2020.10.23"]
[SourceVersion "1"]
[SourceVersionDate "2020.10.23"]
[SourceQuality "1"]
[WhiteTeam "Budapest EAC III"]
[BlackTeam "SENSE"]
[WhiteTeamCountry "HUN"]
[BlackTeamCountry "HUN"]

1. Nf3 g6 2. g3 Bg7 3. Bg2 Nf6 4. 0-0 0-0 5. c4 d6 6. d4 Nbd7 7. Nc3 c5 8. e3 a6 9. a4 b6 10. Ne5 dxe5 11. Bxa8 exd4 12. exd4 cxd4 13. Qxd4 Qc7 14. Bf3 e5 15. Nd5 Nxd5 16. Qxd5 Nc5 17. Qc6 Qb8 18. Be2 Nb3 19. Be3 Nxa1 20. Rxa1 Be6 21. Qxb6 Qxb6 22. Bxb6 Rb8 23. c5 e4 24. Bxa6 Bxb2 25. Rb1 Bd4 26. a5 f5 27. Rd1 Bf6 28. c6 Kf7 29. c7 Re8 30. Rd8 1-0

[Event "Budapest-chT1 Lilienthal 1213"]
[Site "Budapest"]
[Date "2012.12.09"]
[Round "5"]
[White "Pongo, Istvan"]
[Black "Bognar, Bence"]
[Result "0-1"]
[WhiteElo "1872"]
[BlackElo "1972"]
[PlyCount "50"]
[EventDate "2012.09.30"]
[EventType "team-tourn"]
[EventRounds "11"]
[EventCountry "HUN"]
[SourceTitle "EXT 2019"]
[Source "ChessBase"]
[SourceDate "2018.10.10"]
[SourceVersion "1"]
[SourceVersionDate "2018.10.10"]
[SourceQuality "1"]
[WhiteTeam "Budapest REAC SISE"]
[BlackTeam "Budapest SENSE"]
[WhiteTeamCountry "HUN"]
[BlackTeamCountry "HUN"]

1. b3 e5 2. Bb2 Nc6 3. e3 d5 4. Bb5 Bd6 5. f4 Qh4+ 6. g3 Qe7 7. Nf3 Bg4 8. h3 Bxf3 9. Qxf3 Nf6 10. Nc3 a6 11. Bxc6+ bxc6 12. d3 0-0 13. 0-0-0 d4 14. exd4 exd4 15. Na4 Ba3 16. Rde1 Qd6 17. Bxa3 Qxa3+ 18. Kb1 Nd5 19. Qd1 Nb4 20. Re4 Rab8 21. Re2 Nxa2 22. Rhh2 Qxa4 23. Kb2 Nc3 24. Qe1 Qa2+ 25. Kc1 Nxe2+ 0-1

[Event "Budapest-chT1 Lilienthal 1011"]
[Site "Budapest"]
[Date "2011.02.06"]
[Round "8"]
[White "Bognar, Bence"]
[Black "Kertesz, Zsolt"]
[Result "0-1"]
[WhiteElo "2025"]
[BlackElo "2058"]
[PlyCount "64"]
[EventDate "2010.09.19"]
[EventType "team-tourn"]
[EventRounds "11"]
[EventCountry "HUN"]
[SourceTitle "EXT 2020"]
[Source "ChessBase"]
[SourceDate "2019.10.17"]
[SourceVersion "1"]
[SourceVersionDate "2019.10.17"]
[SourceQuality "1"]
[WhiteTeam "Hid Unio"]
[BlackTeam "Fabulon"]
[WhiteTeamCountry "HUN"]
[BlackTeamCountry "HUN"]

1. e4 g6 2. f4 Bg7 3. Nf3 d5 4. e5 Nh6 5. d4 0-0 6. c4 c6 7. Nc3 e6 8. c5 b6 9. b4 a5 10. Na4 Nd7 11. Ba3 b5 12. Nc3 Nf5 13. Bd3 Nb8 14. Rb1 Na6 15. h4 h5 16. Rg1 Bb7 17. g4 Ne3 18. Qe2 Nxg4 19. Ng5 axb4 20. Bxb4 Nxb4 21. Rxb4 Qa5 22. Rb3 b4 23. Nd1 Qxa2 24. Rb2 Qa3 25. Bc2 Qa6 26. Bd3 Qa3 27. Bc2 b3 28. Rxb3 Qa5+ 29. Kf1 Rfb8 30. Rbg3 Qa6 31. Bd3 Qa2 32. Qf3 Nh2+ 0-1

[Event "Budapest-chT1 Lilienthal 1011"]
[Site "Budapest"]
[Date "2011.01.23"]
[Round "7"]
[White "Smaraglay, Botond"]
[Black "Bognar, Bence"]
[Result "1-0"]
[WhiteElo "2047"]
[BlackElo "2025"]
[PlyCount "141"]
[EventDate "2010.09.19"]
[EventType "team-tourn"]
[EventRounds "11"]
[EventCountry "HUN"]
[SourceTitle "EXT 2020"]
[Source "ChessBase"]
[SourceDate "2019.10.17"]
[SourceVersion "1"]
[SourceVersionDate "2019.10.17"]
[SourceQuality "1"]
[WhiteTeam "Budapest HUSI II"]
[BlackTeam "Hid Unio"]
[WhiteTeamCountry "HUN"]
[BlackTeamCountry "HUN"]

1. c4 Nf6 2. Nc3 g6 3. d4 c5 4. Nf3 Bg7 5. e4 cxd4 6. Nxd4 d6 7. f3 Nc6 8. Be3 0-0 9. Qd2 Bd7 10. Be2 a6 11. g4 Nxd4 12. Bxd4 Bc6 13. Be3 Nd7 14. Bh6 Re8 15. h4 Nf8 16. Bxg7 Kxg7 17. h5 Qa5 18. hxg6 fxg6 19. f4 e6 20. f5 exf5 21. gxf5 Rxe4 22. Qh6+ Kg8 23. f6 Rxe2+ 24. Kxe2 Qe5+ 25. Kd3 Qxf6 26. Rhf1 Qg7 27. Qxg7+ Kxg7 28. Rae1 Nd7 29. Re7+ Kg8 30. Ne4 Nc5+ 31. Nxc5 dxc5 32. Rff7 Rd8+ 33. Kc3 h5 34. Rg7+ Kf8 35. Ref7+ Ke8 36. Rc7 Kf8 37. Rgf7+ Kg8 38. Rg7+ Kf8 39. Rh7 Kg8 40. Rcg7+ Kf8 41. a3 Be4 42. b4 Rd3+ 43. Kb2 Rd8 44. bxc5 Rc8 45. Rd7 Kg8 46. Rhe7 Bc6 47. Rg7+ Kf8 48. Rdf7+ Ke8 49. Rf4 Rd8 50. Rxg6 Rd2+ 51. Kc3 Re2 52. Rh6 Kd8 53. Rd4+ Kc8 54. Rxh5 Re8 55. Rd3 Kb8 56. Rdh3 Kc7 57. Rh7+ Kb8 58. Rh8 Rxh8 59. Rxh8+ Ka7 60. Kd4 Bf3 61. Ke5 Be2 62. Rh4 Bf1 63. Kd6 Bg2 64. Kc7 Bf3 65. Rh6 Bg2 66. Rb6 Bf3 67. c6 bxc6 68. c5 Be4 69. Rb7+ Ka8 70. Kb6 Bd3 71. Rf7 1-0

[Event "Budapest-chT1 Lilienthal 1011"]
[Site "Budapest"]
[Date "2010.10.03"]
[Round "2"]
[White "Kiss, Jozsef1111"]
[Black "Bognar, Bence"]
[Result "0-1"]
[WhiteElo "2016"]
[BlackElo "2025"]
[PlyCount "68"]
[EventDate "2010.09.19"]
[EventType "team-tourn"]
[EventRounds "11"]
[EventCountry "HUN"]
[SourceTitle "EXT 2020"]
[Source "ChessBase"]
[SourceDate "2019.10.17"]
[SourceVersion "1"]
[SourceVersionDate "2019.10.17"]
[SourceQuality "1"]
[WhiteTeam "Penzugyor III"]
[BlackTeam "Hid Unio"]
[WhiteTeamCountry "HUN"]
[BlackTeamCountry "HUN"]

1. e4 e5 2. Bc4 Nc6 3. Nf3 Bc5 4. 0-0 Nf6 5. d3 d6 6. Nc3 Bg4 7. Bg5 Nd4 8. Nd5 h6 9. Bh4 g5 10. Bg3 h5 11. b4 Nxd5 12. Bxd5 Bb6 13. c3 Nxf3+ 14. gxf3 Bh3 15. Bxb7 Rb8 16. Bc6+ Kf8 17. a4 a6 18. a5 Ba7 19. d4 h4 20. dxe5 hxg3 21. hxg3 Bxf1 22. Qxf1 dxe5 23. Qxa6 Bxf2+ 24. Kf1 Rh1+ 25. Ke2 Rxa1 26. Bd5 Qd6 27. Qxd6+ cxd6 28. Kxf2 Ra3 29. Ke2 Rxc3 30. a6 Ra3 31. Bb7 Ke7 32. b5 Kd7 33. b6 Rh8 34. Kf1 Rh2 0-1

[Event "Eger Agria op"]
[Site "Eger"]
[Date "2009.07.24"]
[Round "5"]
[White "Bognar, Bence"]
[Black "Vereb, Bela"]
[Result "1-0"]
[WhiteElo "2038"]
[BlackElo "1865"]
[PlyCount "86"]
[EventDate "2009.07.22"]
[EventType "swiss"]
[EventRounds "7"]
[EventCountry "HUN"]
[SourceTitle "EXT 2011"]
[Source "ChessBase"]
[SourceDate "2010.11.26"]
[SourceVersion "1"]
[SourceVersionDate "2010.11.26"]
[SourceQuality "1"]

1. e4 c6 2. f4 e6 3. Nf3 d5 4. e5 Nd7 5. d4 c5 6. c3 cxd4 7. cxd4 Bb4+ 8. Nc3 Qa5 9. Qc2 Bxc3+ 10. bxc3 Nb6 11. Bd3 Bd7 12. 0-0 Ba4 13. Qb1 Qxc3 14. Bd2 Qc6 15. Bxh7 Nc4 16. Bb4 a5 17. Bd6 Nxd6 18. exd6 Qxd6 19. Bxg8 Rxg8 20. Qxb7 Bc6 21. Qb2 Ke7 22. Ne5 Rgb8 23. Qc2 Be8 24. Qh7 Rb2 25. Qxg7 Rc8 26. Rab1 Qb4 27. Rxb2 Qxb2 28. f5 exf5 29. Nxf7 Bxf7 30. Re1+ Kd8 31. Qf8+ Kc7 32. Qxf7+ Kb8 33. Qxd5 Rc1 34. Qe5+ Kb7 35. h3 Rxe1+ 36. Qxe1 Qxd4+ 37. Qf2 Qa1+ 38. Kh2 Qe5+ 39. Qg3 f4 40. Qf3+ Kb6 41. h4 Kb5 42. h5 Kc4 43. Kh3 Qf5+ 1-0

[Event "Eger Agria op"]
[Site "Eger"]
[Date "2009.07.22"]
[Round "1"]
[White "Bognar, Bence"]
[Black "Flumbort, Andras"]
[Result "0-1"]
[WhiteElo "2038"]
[BlackElo "2507"]
[PlyCount "50"]
[EventDate "2009.07.22"]
[EventType "swiss"]
[EventRounds "7"]
[EventCountry "HUN"]
[SourceTitle "EXT 2011"]
[Source "ChessBase"]
[SourceDate "2010.11.26"]
[SourceVersion "1"]
[SourceVersionDate "2010.11.26"]
[SourceQuality "1"]

1. e4 c5 2. c3 Nf6 3. e5 Nd5 4. d4 cxd4 5. cxd4 d6 6. exd6 Qxd6 7. Nf3 Nc6 8. Nc3 e6 9. Bd3 Be7 10. 0-0 0-0 11. a3 Rd8 12. Bc2 b6 13. Qd3 g6 14. Ne4 Qb8 15. Bg5 f5 16. Nc3 Bxg5 17. Nxg5 Nf4 18. Qc4 Na5 19. Qb4 Nc6 20. Qc4 Qd6 21. Rad1 Bb7 22. Rfe1 Nxd4 23. Nb5 Qe7 24. Nxe6 Ndxe6 25. Nc7 Qxc7 0-1

[Event "Eger Tavasz op"]
[Site "Eger"]
[Date "2009.06.01"]
[Round "7"]
[White "Papp Zoltan, Csaba"]
[Black "Bognar, Bence"]
[Result "1/2-1/2"]
[WhiteElo "2310"]
[BlackElo "1999"]
[PlyCount "37"]
[EventDate "2009.05.29"]
[EventType "swiss"]
[EventRounds "7"]
[EventCountry "HUN"]
[SourceTitle "EXT 2011"]
[Source "ChessBase"]
[SourceDate "2010.11.26"]
[SourceVersion "1"]
[SourceVersionDate "2010.11.26"]
[SourceQuality "1"]

1. e4 e5 2. Nf3 Nc6 3. c3 Nf6 4. d4 exd4 5. e5 Ne4 6. cxd4 d5 7. Be2 Bb4+ 8. Nbd2 0-0 9. 0-0 Nxd2 10. Bxd2 Bxd2 11. Qxd2 Bf5 12. Rac1 f6 13. Qc3 Rc8 14. Rfd1 fxe5 15. dxe5 Ne7 16. Bd3 c5 17. Bxf5 Rxf5 18. Qe3 b6 19. b3 1/2-1/2

[Event "Eger Tavasz op"]
[Site "Eger"]
[Date "2009.05.30"]
[Round "2"]
[White "Bognar, Bence"]
[Black "Kardos, Samson"]
[Result "1/2-1/2"]
[WhiteElo "1999"]
[BlackElo "1686"]
[PlyCount "48"]
[EventDate "2009.05.29"]
[EventType "swiss"]
[EventRounds "7"]
[EventCountry "HUN"]
[SourceTitle "EXT 2011"]
[Source "ChessBase"]
[SourceDate "2010.11.26"]
[SourceVersion "1"]
[SourceVersionDate "2010.11.26"]
[SourceQuality "1"]

1. e4 c5 2. c3 Nf6 3. e5 Nd5 4. d4 cxd4 5. cxd4 d6 6. f4 Nc6 7. Nf3 e6 8. Nc3 Nxc3 9. bxc3 Be7 10. Bd3 0-0 11. 0-0 b6 12. Qc2 h6 13. Be3 Qc7 14. Nd2 dxe5 15. fxe5 Bb7 16. Rf3 Rac8 17. Rh3 Rfd8 18. Bh7+ Kf8 19. Rf1 Nxe5 20. dxe5 Qxe5 21. Bf4 Bc5+ 22. Kh1 Qe2 23. Rhf3 Bxf3 24. Rxf3 Bf2 1/2-1/2

[Event "Nyiregyhaza op"]
[Site "Nyiregyhaza"]
[Date "2008.07.26"]
[Round "6"]
[White "Gledura, Benjamin"]
[Black "Bognar, Bence"]
[Result "0-1"]
[WhiteElo "1738"]
[BlackElo "2001"]
[PlyCount "50"]
[EventDate "2008.07.23"]
[EventType "swiss"]
[EventRounds "7"]
[EventCountry "HUN"]
[SourceTitle "EXT 2009"]
[Source "ChessBase"]
[SourceDate "2008.11.26"]
[SourceVersion "1"]
[SourceVersionDate "2008.11.26"]
[SourceQuality "1"]

1. e4 e5 2. Nf3 Nc6 3. d4 exd4 4. Nxd4 Bc5 5. Be3 Qf6 6. Nb5 Bxe3 7. fxe3 Qh4+ 8. g3 Qd8 9. Qg4 Kf8 10. Qf4 d6 11. Bc4 Ne5 12. 0-0 Nf6 13. Nd2 Bh3 14. Rf2 Qd7 15. Be2 Re8 16. Nd4 h6 17. Bf1 Bg4 18. Rg2 Nh5 19. Qf2 Bh3 20. Be2 Nf6 21. Nf5 Nxe4 22. Nxe4 Bxf5 23. Nf6 gxf6 24. Rf1 Bh3 25. Qxf6 Rh7 0-1

[Event "Nyiregyhaza op"]
[Site "Nyiregyhaza"]
[Date "2008.07.25"]
[Round "4"]
[White "Stekkelpach, Jennifer"]
[Black "Bognar, Bence"]
[Result "0-1"]
[WhiteElo "1666"]
[BlackElo "2001"]
[PlyCount "88"]
[EventDate "2008.07.23"]
[EventType "swiss"]
[EventRounds "7"]
[EventCountry "HUN"]
[SourceTitle "EXT 2009"]
[Source "ChessBase"]
[SourceDate "2008.11.26"]
[SourceVersion "1"]
[SourceVersionDate "2008.11.26"]
[SourceQuality "1"]

1. e4 e5 2. Nf3 Nc6 3. Bb5 a6 4. Bxc6 dxc6 5. 0-0 Bg4 6. d3 Bd6 7. Be3 Qd7 8. Nbd2 0-0-0 9. Qe2 f5 10. exf5 Nf6 11. Rfe1 Qxf5 12. Bg5 Rdf8 13. Qe3 h6 14. Bh4 Nd5 15. Qe4 Qxe4 16. dxe4 Nf4 17. Bg3 Rf6 18. Bxf4 Rxf4 19. Re3 Rhf8 20. Rf1 g5 21. h3 Bh5 22. g4 Bg6 23. Kg2 Kd7 24. Ne1 Bc5 25. Rf3 Bxe4 26. Nxe4 Rxe4 27. Rxf8 Bxf8 28. Kf3 Rd4 29. Ke2 Ke6 30. f3 Bd6 31. Nd3 Kd5 32. Rh1 c5 33. h4 c4 34. Nf2 Be7 35. Ne4 gxh4 36. Nc3+ Ke6 37. Rd1 Bg5 38. Rxd4 exd4 39. Ne4 Ke5 40. Nc5 Kf4 41. Kf2 h3 42. Ne6+ Ke5 43. Nxc7 Bh4+ 44. Kg1 d3 0-1

[Event "Nyiregyhaza op"]
[Site "Nyiregyhaza"]
[Date "2008.07.24"]
[Round "3"]
[White "Bognar, Bence"]
[Black "Harmatosi, Jozsef"]
[Result "0-1"]
[WhiteElo "2001"]
[BlackElo "2218"]
[PlyCount "44"]
[EventDate "2008.07.23"]
[EventType "swiss"]
[EventRounds "7"]
[EventCountry "HUN"]
[SourceTitle "EXT 2009"]
[Source "ChessBase"]
[SourceDate "2008.11.26"]
[SourceVersion "1"]
[SourceVersionDate "2008.11.26"]
[SourceQuality "1"]

1. e4 c6 2. d4 d5 3. e5 Bf5 4. c4 e6 5. Nc3 Ne7 6. f4 dxc4 7. Bxc4 Nd5 8. Nxd5 cxd5 9. Bb5+ Nc6 10. Qa4 Qb6 11. Nf3 Be7 12. 0-0 0-0 13. Be3 Nb4 14. a3 Nc2 15. Rae1 Nxe1 16. Nxe1 a6 17. Bd3 Qxb2 18. Bxf5 exf5 19. Qd7 Qe2 20. Bc1 Rac8 21. Nf3 Rxc1 22. Rxc1 Qe3+ 0-1

[Event "Eger Tavasz op"]
[Site "Eger"]
[Date "2008.05.04"]
[Round "7"]
[White "Istvanovszky, Martin"]
[Black "Bognar, Bence"]
[Result "1-0"]
[WhiteElo "2245"]
[BlackElo "2011"]
[PlyCount "35"]
[EventDate "2008.05.01"]
[EventType "swiss"]
[EventRounds "7"]
[EventCountry "HUN"]
[SourceTitle "EXT 2011"]
[Source "ChessBase"]
[SourceDate "2010.11.26"]
[SourceVersion "1"]
[SourceVersionDate "2010.11.26"]
[SourceQuality "1"]

1. e4 e5 2. d4 exd4 3. Qxd4 Nc6 4. Qe3 d6 5. Nc3 Nf6 6. Bd2 Be7 7. 0-0-0 Bg4 8. f3 Bh5 9. Bc4 Qd7 10. g4 Bg6 11. h4 h6 12. Nge2 0-0-0 13. Nf4 Ne5 14. Qxa7 c6 15. Be2 b5 16. Qa8+ Kc7 17. Nxb5+ cxb5 18. Ba5# 1-0

[Event "HUN-chT2 Erkel 0708"]
[Site "Hungary"]
[Date "2007.12.16"]
[Round "5"]
[White "Halasz, Zoltan"]
[Black "Bognar, Bence"]
[Result "0-1"]
[WhiteElo "1807"]
[BlackElo "2016"]
[PlyCount "52"]
[EventDate "2007.10.14"]
[EventType "team"]
[EventRounds "11"]
[EventCountry "HUN"]
[SourceTitle "EXT 2009"]
[Source "ChessBase"]
[SourceDate "2008.11.26"]
[SourceVersion "1"]
[SourceVersionDate "2008.11.26"]
[SourceQuality "1"]
[WhiteTeam "Keviterv"]
[BlackTeam "HMO"]
[WhiteTeamCountry "HUN"]
[BlackTeamCountry "HUN"]

1. e4 e5 2. g3 Nf6 3. Bg2 Nc6 4. Nc3 Bc5 5. d3 d6 6. Be3 Bxe3 7. fxe3 Be6 8. Bf3 Qd7 9. Qe2 b5 10. Nxb5 Rb8 11. c4 0-0 12. Nc3 Rb7 13. Nd5 Ng4 14. b3 a5 15. Qd2 f5 16. Bxg4 fxg4 17. Ne2 a4 18. Rb1 Bxd5 19. exd5 Ne7 20. e4 c6 21. Nc3 cxd5 22. Nxa4 Qxa4 23. bxa4 Rxb1+ 24. Qd1 Rxd1+ 25. Kxd1 dxc4 26. Kd2 Ra8 0-1

[Event "HUN-chT2 Erkel 0708"]
[Site "Hungary"]
[Date "2007.10.14"]
[Round "1"]
[White "Bognar, Bence"]
[Black "Somogyi, Gabor"]
[Result "0-1"]
[WhiteElo "2016"]
[BlackElo "1970"]
[PlyCount "72"]
[EventDate "2007.10.14"]
[EventType "team"]
[EventRounds "11"]
[EventCountry "HUN"]
[SourceTitle "EXT 2009"]
[Source "ChessBase"]
[SourceDate "2008.11.26"]
[SourceVersion "1"]
[SourceVersionDate "2008.11.26"]
[SourceQuality "1"]
[WhiteTeam "HMO"]
[BlackTeam "Dunaharaszti II"]
[WhiteTeamCountry "HUN"]
[BlackTeamCountry "HUN"]

1. e4 c6 2. d4 d5 3. e5 Bf5 4. Nc3 e6 5. f4 h5 6. Nf3 Nd7 7. Bd3 Nh6 8. 0-0 c5 9. Kh1 Be7 10. Bxf5 Nxf5 11. Qd3 g6 12. Nd1 cxd4 13. Nxd4 Nxd4 14. Qxd4 Qb6 15. Qd3 Rc8 16. Nc3 a6 17. Be3 Qxb2 18. Bd4 Qa3 19. Rab1 Nc5 20. Qd2 Qa5 21. Rf3 b5 22. Qe2 Na4 23. Nxd5 exd5 24. e6 f6 25. f5 g5 26. Rh3 Nc3 27. Qe1 b4 28. Rb3 Ne4 29. a3 Rxc2 30. axb4 Qa2 31. b5 Nf2+ 32. Bxf2 Rxf2 33. bxa6 0-0 34. a7 Re2 35. Qd1 Rd2 36. Qe1 Qxa7 0-1